Arnold and others v National Westminster Bank plc (Record no. 30091)

MARC details
000 -LEADER
fixed length control field 01368cab a2200217 4500
001 - CONTROL NUMBER
control field ABS44554
008 - FIXED-LENGTH DATA ELEMENTS--GENERAL INFORMATION
fixed length control field 090401t1991 xxu||||| |||| 00| 0 eng d
035 ## - SYSTEM CONTROL NUMBER
System control number (Sirsi) u47773
041 ## - LANGUAGE CODE
Language code of text/sound track or separate title eng
245 ## - TITLE STATEMENT
Title Arnold and others v National Westminster Bank plc
260 ## - PUBLICATION, DISTRIBUTION, ETC.
Date of publication, distribution, etc. 1991
350 ## - PRICE (NR) (BK AM CF MU VM SE) [OBSOLETE]
Price 0
490 ## - SERIES STATEMENT
Series statement Weekly Law Reports
Volume/sequential designation (1991) 2 WLR 1177-1191(15)
520 ## - SUMMARY, ETC.
Summary, etc. HL 25 April 1991. A rent review dispute, which went initially to arbitration where the decision favoured the plaintiff tenants (A). This was subsequently overruled by Justice Walter, who refused leave to appeal. Before the following rent review was due, five years later, litigation in another case established that Justice Walter`s decision had been erroneous and A again went to law. The landlords unsuccessfully applied to strike out the renewed claim, declaring that further litigation was prevented by issue estoppel , and their appeal was dismissed also. The dismissal was reinforced by the House of Lords which maintained that flexibility in special circumstances was needed to uphold justice, whereas adherence to an earlier but incorrect decision would unjustly perpetuate unfavourable conditions.
650 ## - SUBJECT ADDED ENTRY--TOPICAL TERM
Topical term or geographic name entry element CONSTRUCTION OF CLAUSE
650 ## - SUBJECT ADDED ENTRY--TOPICAL TERM
Topical term or geographic name entry element LAW CASES
650 ## - SUBJECT ADDED ENTRY--TOPICAL TERM
Topical term or geographic name entry element RENT REVIEWS
690 ## - LOCAL SUBJECT ADDED ENTRY--TOPICAL TERM (OCLC, RLIN)
Topical term or geographic name as entry element LANDLORD AND TENANT-CASE LAW-RENT REVIEWS
942 ## - ADDED ENTRY ELEMENTS (KOHA)
Suppress in OPAC 0
948 ## - LOCAL PROCESSING INFORMATION (OCLC); SERIES PART DESIGNATOR (RLIN)
c (OCLC) 04/03/1997
Holdings
Withdrawn status Lost status Source of classification or shelving scheme Damaged status Not for loan Home library Current library Shelving location Date acquired Total Checkouts Full call number Barcode Date last seen Copy number Price effective from Koha item type
    Dewey Decimal Classification     London London Journal article 14/09/1999   ABS44554 47773-1001 06/08/2019 1 06/08/2019 Law report